000 00879nam a2200253Ia 4500
003 OSt
005 20220926013441.0
006 a|||||r|||| 00| 0
007 ta
008 220923b |||||||| |||| 00| 0 eng d
037 _cGeneral Book
040 _aRTL
_cRTL
_beng
041 _2eng
_aeng
082 _aX 755:(Z,3), H9.16-3
110 _aInternational Bank. for Reconstruction and Development and Japan Developmemt Bank (New York USA)
_9318341
245 0 _aAgreement amending loan agreement
_bKamasaki Project
260 _aNew York
_bI B R D USA
_c1967
300 _a12p.
_ccm.
500 _aLoan NO 157 JA amendment
650 _aForeign Loan
700 _aInternational Bank. for Reconstruction and Development and Japan Developmemt Bank (New York USA)
_9318342
942 _hX 755:(Z,3), H9.16-3
_cGB
_2CC
999 _c625999
_d625999